[Event "ESTCC U65 2018"]
[Site "Walbrzych"]
[Date "2018.04.18"]
[Round "5"]
[White "Giulian, Philip M"]
[Black "Westerinen, Heikki M J"]
[Result "0-1"]
[WhiteElo "2124"]
[BlackElo "2308"]
[Annotator "NA"]
[PlyCount "106"]
[EventDate "2018.??.??"]
[EventCountry "POL"]
[SourceTitle "playchess.com"]
[Source "ChessBase"]
[SourceQuality "1"]
[WhiteTeam "Scotland"]
[BlackTeam "Finland"]
[WhiteTeamCountry "SCO"]
[BlackTeamCountry "FIN"]
[TimeControl "40/5400+30:1800+30"]

1. d4 {[%emt 0:00:00]} Nf6 {[%emt 0:00:13]} 2. c4 {[%emt 0:00:00]} g6 {[%emt 0:00:10]} 3. Nc3 {[%emt 0:00:00]} Bg7 {[%emt 0:00:10]} 4. e4 {[%emt 0:00:00]} d6 {[%emt 0:00:14]} 5. f3 {[%emt 0:00:00]} O-O {[%emt 0:01:17]} 6. Be3 {[%emt 0:00:00]} Nc6 {[%emt 0:03:49]} 7. Nge2 {[%emt 0:00:31]} Rb8 {[%emt 0:00:56]} 8. Qd2 {[%emt 0:00:17]} a6 {[%emt 0:01:05]} 9. Rc1 {[%emt 0:00:45]} Bd7 {[%emt 0:01:55]} 10. b3 {[%emt 0:00:18]} b5 {[%emt 0:02:46] E84: King's Indian: Sämisch Panno: 7 Nge2 a6 8 Qd2 Rb8} 11. cxb5 {[%emt 0:01:25] LiveBook: 10 Games} axb5 {[%emt 0:00:05]} 12. d5 {[%emt 0:00:07]} Ne5 {[%emt 0:02:55]} 13. Nd4 {[%emt 0:00:16] [#]} e6 $146 {[%emt 0:07:21]} ({Predecessor:} 13... Qe8 14. a3 e6 15. Be2 exd5 16. exd5 b4 17. axb4 Rxb4 18. O-O {½-½ (40) Khairullin,I (2658)-Demchenko,A (2639) Ekaterinburg 2013}) 14. dxe6 {[%emt 0:34:37]} fxe6 {[%emt 0:00:27]} 15. Bxb5 {[%emt 0:02:15]} c5 {[%emt 0:13:30]} 16. Bxd7 {[%emt 0:01:11]} Qxd7 {[%emt 0:00:11]} 17. Nde2 $11 {[%emt 0:03:51]} c4 {[%emt 0:00:33]} 18. O-O {[%emt 0:02:16]} cxb3 {[%emt 0:00:58]} 19. axb3 {[%emt 0:00:20]} Rxb3 {[%emt 0:00:20]} 20. Qc2 {[%emt 0:00:13]} Rbb8 {[%emt 0:06:18]} 21. Qa4 {[%emt 0:06:12]} Rfc8 {[%emt 0:04:21]} 22. Rfd1 {[%emt 0:20:29]} Nc4 {[%emt 0:07:33]} 23. Qxd7 {[%emt 0:06:06]} Nxd7 {[%emt 0:00:03]} 24. Bd4 {[%emt 0:00:11]} Nb2 {[%emt 0:08:24]} 25. Rd2 {[%emt 0:01:22]} Bh6 {[%emt 0:04:26]} 26. f4 {[%emt 0:00:06]} e5 {[%emt 0:02:49]} 27. Ba7 {[%emt 0:04:46]} Rb7 {[%emt 0:11:37]} 28. Rb1 {[%emt 0:00:48]} Rxa7 {[%emt 0:01:25]} 29. Rbxb2 {[%emt 0:00:43]} Bxf4 {[%emt 0:00:50]} 30. Nxf4 {[%emt 0:06:11]} Rxc3 {[%emt 0:00:59]} 31. Ne2 {[%emt 0:00:14]} Rc6 {[%emt 0:01:40]} 32. Ng3 {[%emt 0:00:53]} h5 {[%emt 0:01:21]} 33. h4 {[%emt 0:00:18]} Nf6 {[%emt 0:03:25]} 34. Rb3 {[%emt 0:03:20]} Kf7 {[%emt 0:02:10]} 35. Kf2 {[%emt 0:00:08]} Ke6 {[%emt 0:00:28]} 36. Kf3 {[%emt 0:00:15]} Rf7 {[%emt 0:01:41]} 37. Ke2 {[%emt 0:01:02]} Rc4 {[%emt 0:01:54]} 38. Re3 {[%emt 0:00:53]} Ra7 {[%emt 0:01:18]} 39. Kf3 {[%emt 0:00:11]} Ng4 {[%emt 0:01:33]} 40. Red3 {[%emt 0:00:00]} Rf7+ {[%emt 0:01:06]} 41. Ke2 {[%emt 0:00:53]} Rf2+ {[%emt 0:00:46]} 42. Kd1 {[%emt 0:00:23]} Rxd2+ {[%emt 0:02:35]} 43. Kxd2 {[%emt 0:00:11]} Ra4 {[%emt 0:01:06]} 44. Ke2 {[%emt 0:00:24]} Nf6 {[%emt 0:02:25]} 45. Kf3 {[%emt 0:02:35]} Ra2 {[%emt 0:01:12]} 46. Nf1 {[%emt 0:08:03]} Nd7 {[%emt 0:00:45]} 47. g4 {[%emt 0:00:47]} hxg4+ {[%emt 0:05:25]} 48. Kxg4 {[%emt 0:00:08]} Nf6+ {[%emt 0:00:14]} 49. Kf3 {[%emt 0:00:57]} Nh5 {[%emt 0:00:41]} 50. Rb3 {[%emt 0:04:21]} Ra8 {[%emt 0:01:07]} 51. Nd2 {[%emt 0:04:59]} Rf8+ {[%emt 0:00:44]} 52. Kg4 {[%emt 0:00:56]} Rf2 {[%emt 0:00:58]} 53. Rb2 {[%emt 0:00:52]} Nf6+ 0-1

[Event "ESTCC U65 2018"]
[Site "Walbrzych"]
[Date "2018.04.18"]
[Round "5"]
[White "Hohler, Peter"]
[Black "Jorgensen, Brian Jorgen"]
[Result "1/2-1/2"]
[WhiteElo "2076"]
[BlackElo "2255"]
[Annotator "NA"]
[PlyCount "54"]
[EventDate "2018.??.??"]
[EventCountry "POL"]
[SourceTitle "playchess.com"]
[Source "ChessBase"]
[SourceQuality "1"]
[WhiteTeam "Switzerland"]
[BlackTeam "Denmark"]
[WhiteTeamCountry "SUI"]
[BlackTeamCountry "DEN"]
[TimeControl "40/5400+30:1800+30"]

1. Nf3 {[%emt 0:00:00]} f5 {[%emt 0:00:13]} 2. d3 {[%emt 0:00:04]} d5 {[%emt 0:00:36]} 3. c4 {[%emt 0:00:35]} e6 {[%emt 0:00:28]} 4. cxd5 {[%emt 0:01:07]} exd5 {[%emt 0:00:11]} 5. g3 {[%emt 0:00:41]} Nf6 {[%emt 0:00:32]} 6. Bg2 {[%emt 0:00:05]} Bd6 {[%emt 0:01:57]} 7. O-O {[%emt 0:01:10]} O-O {[%emt 0:00:35]} 8. Nc3 {[%emt 0:01:54]} c6 {[%emt 0:00:43]} 9. e4 {[%emt 0:02:32] LiveBook: 15 Games} fxe4 {[%emt 0:26:30]} 10. dxe4 {[%emt 0:00:08]} Bb4 {[%emt 0:06:54]} 11. exd5 {[%emt 0:16:44]} Bxc3 {[%emt 0:00:14]} 12. bxc3 {[%emt 0:00:08]} Qxd5 {[%emt 0:00:12]} 13. Nd4 {[%emt 0:06:18]} Qf7 {[%emt 0:01:30]} 14. Ba3 {[%emt 0:04:31]} Re8 {[%emt 0:01:57]} 15. Qb3 $16 {[%emt 0:00:56]} a5 {[%emt 0:21:22]} 16. Rfe1 {[%emt 0:11:13]} Rxe1+ {[%emt 0:02:52]} 17. Rxe1 {[%emt 0:00:01]} Qxb3 {[%emt 0:01:21]} 18. axb3 {[%emt 0:04:05]} Na6 {[%emt 0:01:22]} 19. Bd6 {[%emt 0:06:23]} Bd7 {[%emt 0:01:53]} 20. Re5 {[%emt 0:13:27]} Re8 {[%emt 0:07:52]} 21. Kf1 {[%emt 0:09:47]} Rxe5 {[%emt 0:01:18]} 22. Bxe5 {[%emt 0:00:01]} Nc5 {[%emt 0:02:51]} 23. Ke2 {[%emt 0:02:14]} a4 {[%emt 0:00:28]} 24. bxa4 {[%emt 0:03:28]} Nxa4 {[%emt 0:00:00]} 25. Kd2 {[%emt 0:00:04]} Ng4 {[%emt 0:00:23]} 26. Bc7 {[%emt 0:01:37]} Nxf2 {[%emt 0:02:09]} 27. Nb3 {[%emt 0:00:37]} Ng4 {[%emt 0:00:40]} 1/2-1/2

[Event "ESTCC U65 2018"]
[Site "Walbrzych"]
[Date "2018.04.18"]
[Round "5"]
[White "White, Alastair F"]
[Black "Vinke, Dietmar"]
[Result "0-1"]
[WhiteElo "2069"]
[BlackElo "2170"]
[Annotator "NA"]
[PlyCount "92"]
[EventDate "2018.??.??"]
[EventCountry "POL"]
[SourceTitle "playchess.com"]
[Source "ChessBase"]
[SourceQuality "1"]
[WhiteTeam "Scotland"]
[BlackTeam "Finland"]
[WhiteTeamCountry "SCO"]
[BlackTeamCountry "FIN"]
[TimeControl "40/5400+30:1800+30"]

1. e4 {[%emt 0:00:00]} c6 {[%emt 0:00:08]} 2. Nc3 {[%emt 0:00:07]} d5 {[%emt 0:00:22]} 3. d4 {[%emt 0:00:15]} g6 {[%emt 0:00:08]} 4. f3 {[%emt 0:00:28]} Bg7 {[%emt 0:00:07]} 5. Be3 {[%emt 0:00:19]} e6 $14 {[%emt 0:11:15]} 6. Nge2 {[%emt 0:04:19]} Nd7 {[%emt 0:00:17]} 7. Qd2 {[%emt 0:00:50]} b6 {[%emt 0:03:54]} 8. Nf4 {[%emt 0:03:46]} Bb7 {[%emt 0:02:23]} 9. Bd3 {[%emt 0:01:31]} Ne7 {[%emt 0:05:15]} 10. O-O {[%emt 0:04:34]} O-O {[%emt 0:01:36]} 11. Qf2 {[%emt 0:12:09]} c5 {[%emt 0:22:59]} 12. dxc5 {[%emt 0:22:00]} Nxc5 {[%emt 0:00:42]} 13. exd5 {[%emt 0:03:53]} Nxd3 {[%emt 0:00:28]} 14. cxd3 {[%emt 0:03:29]} Nxd5 {[%emt 0:00:30]} 15. Ncxd5 {[%emt 0:04:02]} Bxd5 {[%emt 0:00:12]} 16. Bd4 {[%emt 0:11:03]} e5 {[%emt 0:03:54]} 17. Nxd5 {[%emt 0:00:06]} Qxd5 {[%emt 0:00:07]} 18. Bc3 {[%emt 0:00:21]} Qxd3 {[%emt 0:00:15]} 19. Rad1 {[%emt 0:03:09]} Qc4 {[%emt 0:00:30]} 20. f4 {[%emt 0:02:42]} exf4 {[%emt 0:13:57]} 21. Bxg7 {[%emt 0:00:27]} Kxg7 {[%emt 0:00:05]} 22. Qxf4 {[%emt 0:06:45]} Qxf4 {[%emt 0:01:30]} 23. Rxf4 {[%emt 0:00:05]} Rfd8 {[%emt 0:00:09]} 24. Rfd4 {[%emt 0:01:31]} Rxd4 {[%emt 0:00:14]} 25. Rxd4 {[%emt 0:00:05]} Rc8 {[%emt 0:00:12]} 26. Rd2 {[%emt 0:02:20]} Rc7 {[%emt 0:00:25]} 27. Kf2 {[%emt 0:00:13]} Re7 {[%emt 0:00:55]} 28. Kf3 {[%emt 0:00:34]} h5 {[%emt 0:03:37]} 29. h4 {[%emt 0:02:36]} Re5 {[%emt 0:07:41]} 30. Rd7 {[%emt 0:01:09]} Rf5+ {[%emt 0:05:34]} 31. Ke3 {[%emt 0:02:45]} a5 {[%emt 0:00:35]} 32. a4 {[%emt 0:02:50]} Rc5 {[%emt 0:07:24]} 33. Kd3 {[%emt 0:03:30]} b5 {[%emt 0:02:47]} 34. axb5 {[%emt 0:00:42]} Rxb5 {[%emt 0:00:04]} 35. Kc3 {[%emt 0:00:11]} Kf6 {[%emt 0:00:53]} 36. Rd4 {[%emt 0:00:37]} Ke5 {[%emt 0:01:20]} 37. Rd7 {[%emt 0:00:33]} f6 {[%emt 0:00:12]} 38. b3 {[%emt 0:00:17]} Kf4 {[%emt 0:00:56]} 39. Rg7 {[%emt 0:01:10]} g5 {[%emt 0:00:11]} 40. hxg5 {[%emt 0:00:00]} fxg5 {[%emt 0:00:07]} 41. Rd7 {[%emt 0:02:49]} Kg3 {[%emt 0:00:34]} 42. Rd2 {[%emt 0:00:34]} g4 {[%emt 0:01:54]} 43. Kc4 {[%emt 0:01:37]} Rf5 {[%emt 0:00:31]} 44. Ra2 {[%emt 0:00:11]} h4 {[%emt 0:00:34]} 45. Kd4 {[%emt 0:00:04]} Rf2 {[%emt 0:02:06]} 46. Rxa5 {[%emt 0:00:06]} Kxg2 {[%emt 0:00:07]} 0-1

[Event "ESTCC U65 2018"]
[Site "Walbrzych"]
[Date "2018.04.18"]
[Round "5"]
[White "Meskanen, Vesa"]
[Black "Marks, Ian A"]
[Result "0-1"]
[WhiteElo "2066"]
[BlackElo "1895"]
[Annotator "NA"]
[PlyCount "60"]
[EventDate "2018.??.??"]
[EventCountry "POL"]
[SourceTitle "playchess.com"]
[Source "ChessBase"]
[SourceQuality "1"]
[WhiteTeam "Finland"]
[BlackTeam "Scotland"]
[WhiteTeamCountry "FIN"]
[BlackTeamCountry "SCO"]
[TimeControl "40/5400+30:1800+30"]

1. d4 {[%emt 0:00:00]} d6 {[%emt 0:00:09]} 2. Nf3 {[%emt 0:00:07]} Bg4 {[%emt 0:00:21]} 3. Qd3 {[%emt 0:01:43]} c6 {[%emt 0:01:59]} 4. e4 {[%emt 0:06:59]} Nd7 {[%emt 0:01:20]} 5. h3 {[%emt 0:01:00]} Bh5 {[%emt 0:03:57]} 6. g4 {[%emt 0:03:26]} Bg6 {[%emt 0:00:03]} 7. Nh4 {[%emt 0:00:11]} e6 {[%emt 0:04:58]} 8. Nxg6 {[%emt 0:00:23]} hxg6 {[%emt 0:00:03]} 9. Bg2 {[%emt 0:01:26]} d5 {[%emt 0:02:37]} 10. Nd2 {[%emt 0:03:03]} dxe4 {[%emt 0:08:16]} 11. Nxe4 {[%emt 0:00:30]} Ngf6 {[%emt 0:00:58]} 12. Ng5 {[%emt 0:02:16]} Bd6 {[%emt 0:03:20]} 13. O-O {[%emt 0:07:48]} O-O {[%emt 0:02:00]} 14. c4 {[%emt 0:04:27]} Qc7 {[%emt 0:05:11]} 15. f4 {[%emt 0:03:01]} Rad8 {[%emt 0:04:05]} 16. Be3 {[%emt 0:06:17]} Rfe8 {[%emt 0:05:31]} 17. Rad1 {[%emt 0:06:16]} c5 {[%emt 0:05:54]} 18. d5 {[%emt 0:01:06]} exd5 $17 {[%emt 0:00:31]} 19. Nxf7 {[%emt 0:25:04]} Kxf7 {[%emt 0:07:55]} 20. g5 {[%emt 0:02:01]} d4 {[%emt 0:08:20]} 21. Bd2 {[%emt 0:01:09]} Nb6 {[%emt 0:08:29]} 22. f5 {[%emt 0:07:32]} Nh5 {[%emt 0:04:18]} 23. fxg6+ {[%emt 0:03:15]} Kg8 {[%emt 0:00:13]} 24. a4 {[%emt 0:03:29]} Bh2+ {[%emt 0:01:36]} 25. Kh1 {[%emt 0:03:04]} Ng3+ {[%emt 0:01:20]} 26. Kxh2 Nxf1+ {[%emt 0:00:18]} 27. Kg1 {[%emt 0:00:13]} Qh2+ {[%emt 0:02:17]} 28. Kxf1 {[%emt 0:00:13]} Rf8+ {[%emt 0:00:10]} 29. Bf3 {[%emt 0:01:01]} Rxf3+ {[%emt 0:00:37]} 30. Qxf3 {[%emt 0:00:18]} Rf8 {[%emt 0:00:10]} 0-1

[Event "ESTCC U65 2018"]
[Site "Walbrzych"]
[Date "2018.04.18"]
[Round "5"]
[White "Lundgren, Ulf"]
[Black "Ruotanen, Helge"]
[Result "0-1"]
[WhiteElo "1989"]
[BlackElo "1921"]
[Annotator "NA"]
[PlyCount "92"]
[EventDate "2018.??.??"]
[EventCountry "POL"]
[SourceTitle "playchess.com"]
[Source "ChessBase"]
[SourceQuality "1"]
[WhiteTeam "Sweden"]
[BlackTeam "Finland"]
[WhiteTeamCountry "SWE"]
[BlackTeamCountry "FIN"]
[TimeControl "40/5400+30:1800+30"]

1. e4 {[%emt 0:00:00]} g6 {[%emt 0:00:18]} 2. Nf3 {[%emt 0:00:00]} Bg7 {[%emt 0:00:33]} 3. d4 {[%emt 0:00:28]} d6 {[%emt 0:00:18]} 4. Bc4 {[%emt 0:00:18]} Nf6 {[%emt 0:00:34]} 5. Qe2 {[%emt 0:00:17]} O-O {[%emt 0:02:34]} 6. O-O {[%emt 0:01:30]} Bg4 {[%emt 0:04:30] LiveBook: 103 Games} 7. h3 {[%emt 0:01:53]} Bxf3 {[%emt 0:00:17]} 8. Qxf3 {[%emt 0:00:15]} Nc6 {[%emt 0:00:09] B06: Modern Defence} 9. c3 {[%emt 0:00:41]} h6 {[%emt 0:00:19]} (9... e5 10. Rd1 Nd7 11. Be3 Qe7 12. Na3 Nb6 13. Bb5 f5 14. Bxc6 bxc6 15. exf5 e4 16. f6 Rxf6 {0-1 (61) Bacrot,E (2718)-Ponomariov,R (2714) Beijing 2014}) 10. Na3 $146 {[%emt 0:02:10]} ({Find the theoretical novelty and annotate with similar games:} 10. Be3 e6 11. Nd2 Ne7 12. Bb3 d5 13. e5 Nh7 14. g4 g5 15. Qg3 Ng6 16. Bc2 {0-1 (47) Moreno Giron,V-Barber Dura,R Aragon 1996}) 10... e5 {[%emt 0:00:40]} 11. d5 {[%emt 0:02:15]} Ne7 {[%emt 0:00:08]} 12. Rd1 {[%emt 0:08:34]} Nh7 {[%emt 0:05:17]} 13. b4 {[%emt 0:10:01]} f5 {[%emt 0:00:56]} 14. Bb3 {[%emt 0:02:38]} f4 {[%emt 0:01:19]} 15. c4 {[%emt 0:02:23]} g5 {[%emt 0:03:17]} 16. c5 {[%emt 0:00:54]} Nf6 {[%emt 0:02:46]} 17. Nc4 {[%emt 0:08:45]} h5 {[%emt 0:00:25]} 18. Nxe5 {[%emt 0:04:51]} dxe5 {[%emt 0:06:21]} 19. d6+ {[%emt 0:00:35]} Kh8 {[%emt 0:00:02]} 20. dxe7 {[%emt 0:00:38]} Qxe7 {[%emt 0:00:01]} 21. Bb2 {[%emt 0:00:37]} g4 {[%emt 0:00:41]} 22. hxg4 {[%emt 0:03:40]} hxg4 {[%emt 0:00:17]} 23. Qe2 {[%emt 0:00:50]} Kh7 {[%emt 0:00:08]} 24. g3 {[%emt 0:07:29]} f3 $11 {[%emt 0:00:43]} 25. Qe3 {[%emt 0:03:56]} Kg6 {[%emt 0:01:00]} 26. Bc1 {[%emt 0:11:01]} Nh5 {[%emt 0:03:40]} 27. Rd7 {[%emt 0:03:40]} Qf6 {[%emt 0:01:59]} 28. Bb2 {[%emt 0:01:50]} Bh6 {[%emt 0:12:36]} 29. Qc3 {[%emt 0:00:23]} Rae8 {[%emt 0:04:39]} 30. Rad1 {[%emt 0:00:24]} Nf4 {[%emt 0:00:47]} 31. Kf1 {[%emt 0:13:09]} Ne2 {[%emt 0:01:26]} 32. Qc4 {[%emt 0:00:23]} Bd2 {[%emt 0:04:40]} 33. R1xd2 {[%emt 0:03:30]} Qh8 {[%emt 0:00:44]} 34. R2d6+ {[%emt 0:00:27]} cxd6 {[%emt 0:00:34]} 35. Rxd6+ {[%emt 0:00:08]} Rf6 {[%emt 0:02:05]} 36. Qf7+ {[%emt 0:03:47]} Kg5 {[%emt 0:00:50]} 37. Qxf6+ {[%emt 0:00:14]} Qxf6 {[%emt 0:00:04]} 38. Rxf6 {[%emt 0:00:06]} Kxf6 {[%emt 0:00:12]} 39. Bd5 {[%emt 0:00:23]} Rh8 {[%emt 0:01:00]} 40. Ke1 {[%emt 0:00:00]} Rh1+ {[%emt 0:02:51]} 41. Kd2 {[%emt 0:00:40]} Nxg3 {[%emt 0:01:52]} 42. Bxb7 {[%emt 0:00:35]} Nf1+ {[%emt 0:00:08]} 43. Kd3 {[%emt 0:01:55]} g3 {[%emt 0:04:49]} 44. fxg3 {[%emt 0:00:29]} Rh2 {[%emt 0:00:07]} 45. Bc3 {[%emt 0:01:30]} f2 {[%emt 0:02:05]} 46. c6 {[%emt 0:00:52]} Nxg3 {[%emt 0:00:31]} 0-1

[Event "ESTCC U65 2018"]
[Site "Walbrzych"]
[Date "2018.04.18"]
[Round "5"]
[White "Lehtosaari, Kalevi"]
[Black "Wademark, Helge"]
[Result "1/2-1/2"]
[WhiteElo "1964"]
[BlackElo "2005"]
[Annotator "NA"]
[PlyCount "68"]
[EventDate "2018.??.??"]
[EventCountry "POL"]
[SourceTitle "playchess.com"]
[Source "ChessBase"]
[SourceQuality "1"]
[WhiteTeam "Finland"]
[BlackTeam "Sweden"]
[WhiteTeamCountry "FIN"]
[BlackTeamCountry "SWE"]
[TimeControl "40/5400+30:1800+30"]

1. c4 {[%emt 0:00:00]} c6 {[%emt 0:01:09]} 2. Nc3 {[%emt 0:00:00]} Nf6 {[%emt 0:00:15]} 3. e4 {[%emt 0:00:20]} e5 {[%emt 0:01:51]} 4. Nf3 {[%emt 0:00:33]} d6 {[%emt 0:00:12]} 5. d4 {[%emt 0:01:17]} Qc7 {[%emt 0:00:56]} 6. Be2 {[%emt 0:01:14]} Bg4 {[%emt 0:00:26]} 7. O-O {[%emt 0:02:03]} Be7 {[%emt 0:00:17]} 8. Be3 {[%emt 0:03:06]} Nbd7 {[%emt 0:02:36]} 9. Rc1 $14 {[%emt 0:00:53]} O-O {[%emt 0:00:17]} 10. b4 {[%emt 0:02:07]} d5 {[%emt 0:17:23]} 11. exd5 {[%emt 0:24:19]} Bxb4 {[%emt 0:02:41]} 12. dxc6 {[%emt 0:02:48]} bxc6 {[%emt 0:04:04]} 13. Ng5 {[%emt 0:08:23]} Bf5 {[%emt 0:06:42]} 14. Bd3 {[%emt 0:07:43]} Bxd3 {[%emt 0:08:43]} 15. Qxd3 {[%emt 0:00:52]} h6 {[%emt 0:01:10]} 16. Nge4 {[%emt 0:02:01]} Nxe4 {[%emt 0:02:09]} 17. Nxe4 {[%emt 0:08:49]} f5 {[%emt 0:08:17]} 18. c5 {[%emt 0:05:01]} fxe4 {[%emt 0:08:54]} 19. Qc4+ {[%emt 0:00:04]} Kh8 {[%emt 0:00:12]} 20. Qxb4 {[%emt 0:00:12]} Nf6 {[%emt 0:01:10]} 21. Qd2 {[%emt 0:01:39]} Rad8 {[%emt 0:01:12]} 22. Rfd1 {[%emt 0:02:29]} exd4 {[%emt 0:04:06]} 23. Bxd4 {[%emt 0:00:19]} Ng4 {[%emt 0:00:13]} 24. g3 {[%emt 0:00:44]} Rxf2 {[%emt 0:04:00]} 25. Bxg7+ {[%emt 0:00:07]} Kxg7 {[%emt 0:00:49]} 26. Qxd8 {[%emt 0:00:03]} Qxd8 {[%emt 0:03:59]} 27. Rxd8 {[%emt 0:00:11]} Rxa2 {[%emt 0:00:06]} 28. Rd7+ {[%emt 0:02:33]} Kg6 {[%emt 0:00:04]} 29. Re1 {[%emt 0:01:04]} Nxh2 {[%emt 0:02:37]} 30. Rxe4 {[%emt 0:01:03]} Nf3+ {[%emt 0:00:24]} 31. Kf1 {[%emt 0:00:22]} Nd2+ {[%emt 0:00:19]} 32. Rxd2 {[%emt 0:00:04]} Rxd2 {[%emt 0:00:07]} 33. Re6+ {[%emt 0:00:11]} Kg5 {[%emt 0:00:41]} 34. Rxc6 {[%emt 0:00:05]} Rc2 {[%emt 0:01:58]} 1/2-1/2

[Event "ESTCC U65 2018"]
[Site "Walbrzych"]
[Date "2018.04.18"]
[Round "5"]
[White "Jorgensen, Arne Bjorn"]
[Black "Baum, Bernd"]
[Result "0-1"]
[WhiteElo "1956"]
[BlackElo "2290"]
[Annotator "NA"]
[PlyCount "58"]
[EventDate "2018.??.??"]
[EventCountry "POL"]
[SourceTitle "playchess.com"]
[Source "ChessBase"]
[SourceQuality "1"]
[WhiteTeam "Denmark"]
[BlackTeam "Germany"]
[WhiteTeamCountry "DEN"]
[BlackTeamCountry "GER"]
[TimeControl "40/5400+30:1800+30"]

1. d4 {[%emt 0:00:00]} d5 {[%emt 0:00:22]} 2. Nf3 {[%emt 0:00:00]} Nf6 {[%emt 0:01:16]} 3. Bf4 {[%emt 0:00:00]} c5 {[%emt 0:00:36]} 4. e3 {[%emt 0:00:24]} Nc6 {[%emt 0:00:22]} 5. c3 {[%emt 0:00:26]} Qb6 {[%emt 0:00:42]} 6. Qb3 {[%emt 0:00:45]} c4 {[%emt 0:01:06]} 7. Qxb6 {[%emt 0:00:32]} axb6 {[%emt 0:00:02]} 8. Nbd2 {[%emt 0:00:26]} b5 {[%emt 0:03:23]} 9. a3 {[%emt 0:01:10] D02: 1 d4 d5 2 Nf3 sidelines, including 2...Nf6 3 g3 and 2...Nf6 3 Bf4} b4 {[%emt 0:03:39] LiveBook: 15 Games} 10. cxb4 {[%emt 0:04:25]} Nxb4 {[%emt 0:00:10]} 11. Rc1 {[%emt 0:01:06]} Nc6 {[%emt 0:01:36]} 12. Ne5 {[%emt 0:05:23]} e6 {[%emt 0:05:23]} 13. Be2 {[%emt 0:00:55]} Be7 {[%emt 0:01:09]} 14. O-O {[%emt 0:00:42]} O-O {[%emt 0:00:43]} 15. h3 $146 {[%emt 0:01:29]} ({Find the theoretical novelty and annotate with similar games:} 15. g4 Nd7 16. Bg3 Ndxe5 17. dxe5 {½-½ (34) Milovic,J (2382)-Blagojevic,D (2510) Cetinje 2012}) 15... Nxe5 {[%emt 0:08:51]} 16. Bxe5 {[%emt 0:00:47]} b5 {[%emt 0:00:56]} 17. Ra1 {[%emt 0:10:31]} Bb7 {[%emt 0:01:20]} 18. Bxf6 {[%emt 0:17:25]} gxf6 {[%emt 0:02:10]} 19. Rfc1 {[%emt 0:04:22]} Rfc8 {[%emt 0:06:41]} 20. Nf3 $17 {[%emt 0:02:11]} Bc6 {[%emt 0:05:08]} 21. Ne1 {[%emt 0:02:33]} b4 {[%emt 0:12:42]} 22. axb4 {[%emt 0:01:51]} Bxb4 {[%emt 0:01:42]} 23. Nc2 {[%emt 0:02:35]} Bd6 {[%emt 0:05:33]} 24. Bd1 {[%emt 0:05:18]} Ba4 {[%emt 0:10:34]} 25. Na3 {[%emt 0:03:43]} Bxd1 {[%emt 0:09:00]} 26. Rxd1 {[%emt 0:00:13]} c3 {[%emt 0:00:28]} 27. Nc2 {[%emt 0:10:01]} Rxa1 {[%emt 0:01:01]} 28. Nxa1 {[%emt 0:00:36]} cxb2 {[%emt 0:00:12]} 29. Nb3 {[%emt 0:00:38]} Rc3 {[%emt 0:01:16]} 0-1

[Event "ESTCC U65 2018"]
[Site "Walbrzych"]
[Date "2018.04.18"]
[Round "5"]
[White "Grahn, Lars"]
[Black "Koskinen, Veikko"]
[Result "1/2-1/2"]
[WhiteElo "1949"]
[BlackElo "2012"]
[Annotator "NA"]
[PlyCount "40"]
[EventDate "2018.??.??"]
[EventCountry "POL"]
[SourceTitle "playchess.com"]
[Source "ChessBase"]
[SourceQuality "1"]
[WhiteTeam "Sweden"]
[BlackTeam "Finland"]
[WhiteTeamCountry "SWE"]
[BlackTeamCountry "FIN"]
[TimeControl "40/5400+30:1800+30"]

1. d4 {[%emt 0:00:00]} f5 {[%emt 0:00:11]} 2. Nc3 {[%emt 0:00:00]} Nf6 {[%emt 0:00:11]} 3. Bg5 {[%emt 0:00:13]} d5 {[%emt 0:01:26]} 4. Bxf6 {[%emt 0:00:11]} exf6 {[%emt 0:00:05]} 5. e3 {[%emt 0:00:10]} Be6 {[%emt 0:00:56]} 6. Qf3 {[%emt 0:00:17]} Nc6 {[%emt 0:04:49]} 7. Bb5 {[%emt 0:04:43]} Qd7 {[%emt 0:05:22]} 8. Nge2 {[%emt 0:01:34]} a6 {[%emt 0:05:19]} 9. Ba4 {[%emt 0:02:23]} g5 {[%emt 0:05:00]} 10. h3 {[%emt 0:04:26]} h5 {[%emt 0:11:36]} 11. Nc1 {[%emt 0:16:07]} O-O-O {[%emt 0:04:58]} 12. Nd3 {[%emt 0:01:13]} b5 {[%emt 0:05:48]} 13. Bb3 {[%emt 0:02:03]} Na5 {[%emt 0:08:26]} 14. O-O-O $15 {[%emt 0:01:57]} (14. Qd1 $11) 14... c6 {[%emt 0:03:52]} 15. h4 {[%emt 0:09:50]} g4 {[%emt 0:03:45]} 16. Qe2 {[%emt 0:00:20]} Nb7 {[%emt 0:01:58]} 17. Nf4 {[%emt 0:04:30]} Bf7 {[%emt 0:01:31]} 18. a4 {[%emt 0:01:41]} Nd6 {[%emt 0:03:05]} 19. axb5 {[%emt 0:05:03]} axb5 {[%emt 0:01:27]} 20. g3 {[%emt 0:15:27]} Bh6 {[%emt 0:02:03]} 1/2-1/2

[Event "ESTCC U65 2018"]
[Site "Walbrzych"]
[Date "2018.04.18"]
[Round "5"]
[White "Just, Joachim"]
[Black "Auvinen, Esa"]
[Result "1/2-1/2"]
[WhiteElo "1928"]
[BlackElo "1888"]
[Annotator "NA"]
[PlyCount "65"]
[EventDate "2018.??.??"]
[EventCountry "POL"]
[SourceTitle "playchess.com"]
[Source "ChessBase"]
[SourceQuality "1"]
[WhiteTeam "Germany"]
[BlackTeam "Finland"]
[WhiteTeamCountry "GER"]
[BlackTeamCountry "FIN"]
[TimeControl "40/5400+30:1800+30"]

1. d4 {[%emt 0:00:00]} Nf6 {[%emt 0:00:08]} 2. Nf3 {[%emt 0:00:30]} e6 {[%emt 0:00:17]} 3. Bf4 {[%emt 0:00:35]} d5 {[%emt 0:00:36]} 4. e3 {[%emt 0:00:21]} c5 {[%emt 0:00:44]} 5. c3 {[%emt 0:00:12]} Be7 {[%emt 0:02:29]} 6. Nbd2 {[%emt 0:00:43]} O-O {[%emt 0:00:32]} 7. Ne5 {[%emt 0:01:07]} b6 {[%emt 0:01:47]} 8. Rc1 {[%emt 0:01:15]} Bb7 {[%emt 0:00:16]} 9. Bd3 {[%emt 0:00:35]} Nbd7 {[%emt 0:00:34]} 10. O-O {[%emt 0:00:38]} Nxe5 {[%emt 0:01:12]} 11. dxe5 $11 {[%emt 0:00:29]} Ne4 {[%emt 0:03:16]} 12. Nxe4 {[%emt 0:01:57]} dxe4 {[%emt 0:00:12]} 13. Bb1 {[%emt 0:00:19]} Qxd1 {[%emt 0:00:19]} 14. Rfxd1 {[%emt 0:00:22]} Rfd8 {[%emt 0:00:18]} 15. Bc2 {[%emt 0:02:15]} Rxd1+ {[%emt 0:01:55]} 16. Rxd1 {[%emt 0:00:08]} Rd8 {[%emt 0:00:03]} 17. Rxd8+ {[%emt 0:01:28]} Bxd8 {[%emt 0:00:03]} 18. c4 {[%emt 0:00:19]} Bc7 {[%emt 0:05:53]} 19. Bg3 {[%emt 0:01:30]} Bc6 {[%emt 0:01:14]} 20. Kf1 {[%emt 0:03:09]} Kf8 {[%emt 0:00:07]} 21. Ke2 {[%emt 0:00:23]} Ke8 {[%emt 0:01:18]} 22. Kd2 {[%emt 0:02:42]} Kd7 {[%emt 0:00:24]} 23. a3 {[%emt 0:01:44]} h6 {[%emt 0:00:51]} 24. b4 {[%emt 0:00:54]} Ke8 {[%emt 0:01:13]} 25. Kc3 {[%emt 0:01:54]} Kd7 {[%emt 0:00:20]} 26. Bd1 {[%emt 0:01:51]} Ke8 {[%emt 0:01:20]} 27. Be2 {[%emt 0:02:35]} Kd7 {[%emt 0:01:04]} 28. b5 {[%emt 0:01:23]} Bb7 {[%emt 0:00:16]} 29. a4 {[%emt 0:00:27]} Ke8 {[%emt 0:01:11]} 30. Bd1 {[%emt 0:01:42]} Kd7 {[%emt 0:00:12]} 31. Bg4 {[%emt 0:04:16]} Ke8 {[%emt 0:01:33]} 32. Be2 {[%emt 0:00:11]} Kd7 {[%emt 0:00:13]} 33. f3 1/2-1/2